[Event "Rottach Egern Seniors Cup 11th"]
[Site "Rottach Egern"]
[Date "2023.04.18"]
[Round "4"]
[White "Esswein, Karlheinz"]
[Black "Mueller, Michael"]
[Result "0-1"]
[WhiteElo "2069"]
[BlackElo "1994"]
[PlyCount "152"]
[EventDate "2023.04.15"]
[EventType "swiss"]
[EventRounds "9"]
[EventCountry "GER"]
[SourceTitle "EXT 2024"]
[Source "ChessBase"]
[SourceDate "2023.10.10"]
[SourceVersion "1"]
[SourceVersionDate "2023.10.10"]
[SourceQuality "1"]

1. Nf3 d5 2. b3 Nf6 3. Bb2 Bf5 4. g3 e6 5. Bg2 Nbd7 6. 0-0 h6 7. d3 Bc5 8. Nbd2 0-0 9. c4 c6 10. Rc1 Qe7 11. Rc2 Rfe8 12. Qa1 Ba3 13. h3 Bxb2 14. Qxb2 Bh7 15. a3 e5 16. cxd5 Nxd5 17. e4 N5b6 18. Rfc1 Rad8 19. a4 a6 20. Qc3 Nc8 21. Bf1 Nd6 22. Nc4 Nxc4 23. Qxc4 Kh8 24. Re1 Bg8 25. Qc3 f6 26. Kh2 Qe6 27. Rb2 Qd6 28. Rc1 Nf8 29. b4 Ne6 30. b5 axb5 31. axb5 c5 32. b6 Ra8 33. Nh4 Rec8 34. Nf5 Qd8 35. Rcb1 Ra4 36. Qc1 Rca8 37. h4 Kh7 38. Ne3 Nd4 39. Bg2 Qd6 40. Nf5 Nxf5 41. exf5 Bd5 42. Qh1 Rd4 43. Bxd5 Qxd5 44. Qxd5 Rxd5 45. Rc1 Ra3 46. Rb5 Raxd3 47. Rbxc5 Rxc5 48. Rxc5 Rb3 49. h5 Rxb6 50. Rc8 Rb2 51. Kg1 e4 52. Re8 Rb5 53. g4 Rb4 54. Kg2 b5 55. Kg3 Rc4 56. Rb8 b4 57. Rb7 Kg8 58. Rb8+ Kf7 59. Rb7+ Kf8 60. Rb8+ Ke7 61. Rb7+ Kd6 62. Rxg7 Rc7 63. Rg8 Rb7 64. Kf4 b3 65. Rd8+ Kc5 66. Rd1 b2 67. Rb1 Kd4 68. Rd1+ Kc3 69. Kxe4 Re7+ 70. Kf4 Kc2 71. Rf1 b1Q 72. Rxb1 Kxb1 73. Kg3 Kc2 74. f4 Kd3 75. g5 Ke4 76. Kg4 Rg7 0-1

[Event "Rottach Egern Seniors Cup 11th"]
[Site "Rottach Egern"]
[Date "2023.04.17"]
[Round "3"]
[White "Hofene, Dieter"]
[Black "Mueller, Michael"]
[Result "1/2-1/2"]
[WhiteElo "2069"]
[BlackElo "1994"]
[PlyCount "84"]
[EventDate "2023.04.15"]
[EventType "swiss"]
[EventRounds "9"]
[EventCountry "GER"]
[SourceTitle "EXT 2024"]
[Source "ChessBase"]
[SourceDate "2023.10.10"]
[SourceVersion "1"]
[SourceVersionDate "2023.10.10"]
[SourceQuality "1"]

1. d4 d5 2. Nc3 Bf5 3. f3 e6 4. e4 Bg6 5. Bd3 Nf6 6. Nge2 Be7 7. 0-0 0-0 8. exd5 exd5 9. Nf4 c6 10. Nce2 Nbd7 11. Nxg6 hxg6 12. c3 Bd6 13. Bf4 Qc7 14. Qd2 Rfe8 15. Bxd6 Qxd6 16. Ng3 Nf8 17. Rfe1 Rxe1+ 18. Rxe1 Ne6 19. Re5 c5 20. Bf1 cxd4 21. cxd4 Qb6 22. Ne2 Rc8 23. Re3 Rc4 24. Rb3 Qc7 25. Rc3 Qa5 26. b3 Rxc3 27. Nxc3 Qb4 28. Qd3 Nxd4 29. Ne2 Ne6 30. g3 a6 31. Kg2 d4 32. Kf2 Nd7 33. Qc2 Nec5 34. Nc1 b5 35. Nd3 Nxd3+ 36. Bxd3 Nc5 37. Ke2 Kf8 38. Qc1 Qc3 39. Qxc3 dxc3 40. b4 Ne6 41. Be4 f5 42. Bb7 Nc7 1/2-1/2

[Event "Walsrode Chessemy op-A"]
[Site "Walsrode"]
[Date "2023.03.08"]
[Round "5"]
[White "Heldenbergh, Nils"]
[Black "Mueller, Michael"]
[Result "1-0"]
[WhiteElo "2141"]
[BlackElo "2024"]
[PlyCount "133"]
[EventDate "2023.03.04"]
[EventType "swiss"]
[EventRounds "9"]
[EventCountry "GER"]
[SourceTitle "CBM 213 Extra"]
[Source "ChessBase"]
[SourceDate "2023.05.31"]
[SourceVersion "1"]
[SourceVersionDate "2023.05.31"]
[SourceQuality "1"]

1. e4 c5 2. Nf3 d6 3. d4 cxd4 4. Nxd4 Nf6 5. Nc3 Nc6 6. Bg5 e6 7. Qd2 a6 8. 0-0-0 Be7 9. f3 Bd7 10. Kb1 b5 11. g4 Rc8 12. Be3 h6 13. h4 Ne5 14. Qg2 b4 15. Nce2 Nc4 16. Bc1 e5 17. Nf5 Bxf5 18. gxf5 Qc7 19. Ng3 a5 20. Bxc4 Qxc4 21. Nf1 Rg8 22. Ne3 Qc6 23. Rd3 a4 24. Qd2 Rb8 25. b3 Kd7 26. Nc4 Kc7 27. Rd1 Rgd8 28. Qf2 Rd7 29. Qg1 Bf8 30. Bb2 Qb5 31. Qa7+ Rb7 32. Qxa4 Qxa4 33. bxa4 Ra7 34. a5 Ra6 35. Rb3 Rd8 36. Rxb4 Nd7 37. Rb5 Kc6 38. Rbd5 Rb8 39. Rxd6+ Bxd6 40. Rxd6+ Kb5 41. Na3+ Kxa5 42. Rxd7 Kb4 43. Rd3 Re8 44. c3+ Kc5 45. Rd5+ Kc6 46. Nc4 f6 47. Rd6+ Kb5 48. Na3+ Ka5 49. Rd7 Rg8 50. Rb7 Rc6 51. h5 Ka6 52. Rd7 Kb6 53. Kc2 Rc7 54. Rxc7 Kxc7 55. Nc4 Ra8 56. Ba3 Kc6 57. Kb3 Rd8 58. Bd6 Rd7 59. a4 Rb7+ 60. Bb4 Rd7 61. Nd6 Rd8 62. c4 Ra8 63. a5 Ra7 64. Nb5 Rd7 65. Bd6 Rd8 66. a6 Kb6 67. Bc7+ 1-0

[Event "Staufer op 33rd"]
[Site "Schwaebisch Gmuend"]
[Date "2023.01.02"]
[Round "1"]
[White "Mueller, Michael"]
[Black "Riehle, Marco"]
[Result "0-1"]
[WhiteElo "2135"]
[BlackElo "2358"]
[PlyCount "148"]
[EventDate "2023.01.02"]
[EventType "swiss"]
[EventRounds "9"]
[EventCountry "GER"]
[SourceTitle "CBM 212 Extra"]
[Source "ChessBase"]
[SourceDate "2023.03.31"]
[SourceVersion "1"]
[SourceVersionDate "2023.03.31"]
[SourceQuality "1"]

1. d4 d5 2. Nf3 Nf6 3. Bf4 e6 4. e3 Bd6 5. Bg3 c5 6. c3 0-0 7. Nbd2 Qc7 8. Ne5 Nfd7 9. Ndf3 f6 10. Nd3 b6 11. Be2 Bb7 12. Nf4 Re8 13. 0-0 c4 14. Qd2 b5 15. Bd1 Nb6 16. Bc2 N8d7 17. Rfe1 e5 18. dxe5 fxe5 19. Nh3 Nf6 20. Rad1 Rad8 21. Qc1 Nbd7 22. e4 dxe4 23. Nh4 Nc5 24. Nf5 Nd3 25. Qg5 Bc8 26. Re2 Nxb2 27. Rb1 Nd3 28. Rxb5 Nf4 29. Re1 Ng6 30. Nh4 Nxh4 31. Bxh4 Rf8 32. Qe3 a6 33. Bxf6 Rxf6 34. Rd5 Bxh3 35. Qxh3 Bc5 36. Rxd8+ Qxd8 37. Re2 Bxf2+ 38. Rxf2 Rxf2 39. Kxf2 Qd2+ 40. Kf1 Qc1+ 41. Kf2 Qxc2+ 42. Ke1 Qc1+ 43. Ke2 Qb2+ 44. Kf1 Qb1+ 45. Kf2 Qc2+ 46. Ke1 Qb1+ 47. Kf2 Qb6+ 48. Ke2 Qc6 49. Qf5 Qd5 50. Ke1 h6 51. Qc8+ Kf7 52. Qf5+ Kg8 53. Qc8+ Kh7 54. Qf5+ g6 55. Qf6 Qd7 56. Qxe5 Qg7 57. Qa5 h5 58. h4 Qf6 59. g3 Kh6 60. Kd1 Qf3+ 61. Kc1 Qxg3 62. Kb2 Qxh4 63. Qe5 Qf2+ 64. Ka3 Qf5 65. Qd4 h4 66. Qe3+ g5 67. Qb6+ Kh5 68. Qxa6 Qf8+ 69. Kb2 e3 70. Qe6 Qf2+ 71. Ka3 e2 72. Qe8+ Kg4 73. Qe4+ Kh3 74. Qe6+ g4 0-1

[Event "EU-chT Seniors 50"]
[Site "Dresden"]
[Date "2022.10.28"]
[Round "2.1"]
[White "Mueller, Michael"]
[Black "Hebden, Mark"]
[Result "0-1"]
[WhiteElo "2165"]
[BlackElo "2434"]
[PlyCount "108"]
[EventDate "2022.10.27"]
[EventType "team-swiss"]
[EventRounds "9"]
[EventCountry "GER"]
[SourceTitle "EXT 2024"]
[Source "ChessBase"]
[SourceDate "2023.10.10"]
[SourceVersion "1"]
[SourceVersionDate "2023.10.10"]
[SourceQuality "1"]
[WhiteTeam "Deutsche Bahn 50"]
[BlackTeam "England 50"]
[WhiteTeamCountry "GER"]
[BlackTeamCountry "ENG"]

1. d4 Nf6 2. Nf3 g6 3. Bf4 Bg7 4. e3 0-0 5. h3 c5 6. c3 d6 7. Bc4 Nc6 8. 0-0 Qb6 9. b3 Bf5 10. Bd3 Be4 11. Bxe4 Nxe4 12. Qd3 d5 13. Nbd2 cxd4 14. exd4 f5 15. Ng5 Rac8 16. Ndxe4 fxe4 17. Qg3 Nd8 18. h4 Rf5 19. Rac1 Ne6 20. Nxe6 Qxe6 21. Be3 b5 22. Qg4 a6 23. Rc2 h5 24. Qg3 Rc6 25. Rfc1 Qc8 26. f3 exf3 27. gxf3 e5 28. Qf2 e4 29. f4 Rf7 30. Kh2 Bh6 31. Qg3 Qf5 32. Rf2 Kh7 33. Bd2 Bf8 34. Rg1 Be7 35. Qh3 Qxh3+ 36. Kxh3 Bd8 37. Rg3 a5 38. a3 Bc7 39. Rg5 e3 40. Bxe3 Rxc3 41. Rg3 Rxb3 42. Bc1 Rxg3+ 43. Kxg3 Bd6 44. Rc2 Rc7 45. Rxc7+ Bxc7 46. Bd2 Kg7 47. Kf3 Kf6 48. Ke3 Kf5 49. Kf3 Bd8 50. Be1 a4 51. Bb4 Bxh4 52. Bd6 Bf6 53. Bc5 h4 54. Bb6 b4 0-1

[Event "Oberliga Baden 2122"]
[Site "Germany"]
[Date "2022.04.09"]
[Round "10.7"]
[White "Mueller, Michael"]
[Black "Koll, Linus"]
[Result "1-0"]
[WhiteElo "2172"]
[BlackElo "1963"]
[PlyCount "89"]
[EventDate "2021.10.10"]
[EventType "team-tourn"]
[EventRounds "11"]
[EventCountry "GER"]
[SourceTitle "EXT 2023"]
[Source "ChessBase"]
[SourceDate "2022.10.05"]
[SourceVersion "1"]
[SourceVersionDate "2022.10.05"]
[SourceQuality "1"]
[WhiteTeam "Viernheim II"]
[BlackTeam "Karlsruhe"]
[WhiteTeamCountry "GER"]
[BlackTeamCountry "GER"]

1. d4 Nf6 2. Nf3 e6 3. Bf4 b6 4. e3 Bb7 5. Bd3 Be7 6. Nbd2 0-0 7. h3 c5 8. 0-0 d5 9. c3 Ne4 10. Qe2 Nd7 11. Rfd1 f5 12. Bxe4 fxe4 13. Ne5 Nxe5 14. Bxe5 Bh4 15. g3 Bf6 16. Qg4 Qe7 17. f3 Bxe5 18. dxe5 exf3 19. Nxf3 d4 20. e4 Ba6 21. Rd2 dxc3 22. bxc3 Rad8 23. Rg2 Rd3 24. Ng5 Bc4 25. h4 h6 26. Nh3 Rxc3 27. Nf4 Rd8 28. Re1 Ra3 29. Rc1 b5 30. Rcc2 Ra6 31. Rgf2 Bd3 32. Ng6 Qc7 33. Rcd2 c4 34. Qf4 Rb6 35. h5 Rbb8 36. Qg4 Rb6 37. Rf4 Qd7 38. Rdf2 Rbb8 39. Qf3 Qd4 40. Kh2 Qc5 41. Rf7 Qxf2+ 42. Qxf2 Bxe4 43. Rxg7+ Kxg7 44. Qf6+ Kh7 45. Qf7# 1-0

[Event "ST-2021-0-00193"]
[Site "LSS email"]
[Date "2021.06.23"]
[Round "?"]
[White "Truyens, Aime"]
[Black "Mueller, Michael"]
[Result "1/2-1/2"]
[WhiteElo "2342"]
[BlackElo "2362"]
[PlyCount "82"]
[EventDate "2021.05.15"]
[EventType "tourn (corr)"]
[EventRounds "6"]
[EventCountry "GER"]
[SourceTitle "Corr 2024"]
[Source "ChessBase"]
[SourceDate "2023.10.19"]
[SourceVersion "1"]
[SourceVersionDate "2023.10.19"]
[SourceQuality "1"]

1. c4 e5 2. g3 c6 3. Nf3 e4 4. Nd4 d5 5. cxd5 Qxd5 6. Nc2 Nf6 7. Nc3 Qe5 8. Bg2 Na6 9. 0-0 Be7 10. Ne3 0-0 11. a3 Nc7 12. b4 Ncd5 13. Bb2 Nxc3 14. Bxc3 Qh5 15. Bxf6 Bxf6 16. Rc1 Re8 17. Rc5 Qg6 18. Qc2 Bd8 19. b5 Bd7 20. Rc4 f5 21. bxc6 Bxc6 22. a4 Kh8 23. d4 Bd7 24. Rb1 Rb8 25. Rcb4 Rc8 26. Rc4 Rb8 27. Rcb4 b6 28. Nc4 Rc8 29. Qd1 Bc7 30. Ne5 Bxe5 31. dxe5 Bc6 32. Rc4 Rxe5 33. Rbc1 h5 34. h4 Ree8 35. e3 Red8 36. Rd4 Rxd4 37. Qxd4 Qe6 38. a5 bxa5 39. Rc5 Bd7 40. Rxa5 Rc1+ 41. Kh2 Qb6 1/2-1/2

[Event "GER-ch Seniors 50 31st"]
[Site "Radebeul"]
[Date "2019.04.29"]
[Round "4"]
[White "Krien, Hartmut"]
[Black "Mueller, Michael"]
[Result "0-1"]
[WhiteElo "1853"]
[BlackElo "2163"]
[PlyCount "88"]
[EventDate "2019.04.26"]
[EventType "swiss"]
[EventRounds "9"]
[EventCountry "GER"]
[SourceTitle "CBM 190 Extra"]
[Source "ChessBase"]
[SourceDate "2019.07.15"]
[SourceVersion "1"]
[SourceVersionDate "2019.07.15"]
[SourceQuality "1"]

1. e4 d5 2. exd5 Qxd5 3. Nc3 Qa5 4. d4 c6 5. Nf3 Bf5 6. Bd3 e6 7. 0-0 Nf6 8. Bxf5 Qxf5 9. Ne2 Bd6 10. Ng3 Qa5 11. Qe1 Qc7 12. Nf5 0-0 13. Nxd6 Qxd6 14. Qe5 Qb4 15. c3 Qb6 16. Bh6 Nbd7 17. Qg3 Ne8 18. Ne5 Nxe5 19. dxe5 Kh8 20. Be3 Qc7 21. Bc5 Rg8 22. Rad1 Rd8 23. f4 Rd5 24. Ba3 b5 25. Rxd5 cxd5 26. Qe3 g6 27. Qc5 Kg7 28. Qxc7 Nxc7 29. Bd6 Rc8 30. Bxc7 Rxc7 31. Rd1 f6 32. exf6+ Kxf6 33. Rd4 g5 34. fxg5+ Kxg5 35. Kf2 Kf5 36. Rb4 a6 37. a4 Rc4 38. b3 Rxb4 39. cxb4 Kf4 40. Ke2 e5 41. Kd2 e4 42. Ke2 d4 43. Kf2 e3+ 44. Ke2 Ke4 0-1

[Event "Oberliga Baden 1819"]
[Site "Baden"]
[Date "2019.02.24"]
[Round "7.8"]
[White "Mueller, Michael"]
[Black "Hierholz, Bernd"]
[Result "1-0"]
[WhiteElo "2122"]
[BlackElo "2117"]
[PlyCount "101"]
[EventDate "2018.10.21"]
[EventType "team-tourn"]
[EventRounds "9"]
[EventCountry "GER"]
[SourceTitle "EXT 2020"]
[Source "ChessBase"]
[SourceDate "2019.10.17"]
[SourceVersion "1"]
[SourceVersionDate "2019.10.17"]
[SourceQuality "1"]
[WhiteTeam "Viernheim II"]
[BlackTeam "Hockenheim II"]
[WhiteTeamCountry "GER"]
[BlackTeamCountry "GER"]

1. d4 d5 2. Nf3 c6 3. Bf4 Nf6 4. e3 Qb6 5. Qc1 Bf5 6. Nbd2 e6 7. Nh4 Bg6 8. Nxg6 hxg6 9. h3 Nbd7 10. Bd3 Be7 11. c3 0-0 12. b4 a5 13. a3 Qa7 14. 0-0 b6 15. Qb2 Rfc8 16. g4 axb4 17. axb4 Qb7 18. f3 Rxa1 19. Rxa1 Ra8 20. e4 Ne8 21. Kg2 Ra7 22. exd5 exd5 23. Re1 Nf8 24. Bg3 Qd7 25. Nf1 Ra8 26. Qe2 Bd6 27. f4 Nc7 28. f5 Re8 29. Qf2 g5 30. h4 Bxg3 31. Qxg3 Rxe1 32. Qxe1 Nh7 33. Nd2 gxh4 34. Nf3 f6 35. Qxh4 Qe7 36. Kf2 Ne8 37. Qh1 Nd6 38. Nh4 Nf7 39. Ng6 Qe8 40. b5 Nf8 41. bxc6 Nxg6 42. fxg6 Qxc6 43. gxf7+ Kxf7 44. Bg6+ Ke7 45. Qe1+ Kd8 46. Qe3 Qd6 47. Kg2 Kc8 48. Bf5+ Kb7 49. Qe6 Qf4 50. Qxd5+ Kb8 51. Qf3 1-0

[Event "Baden-Alsace"]
[Site "Karlsruhe"]
[Date "2018.09.16"]
[Round "1.18"]
[White "Mueller, Michael"]
[Black "Pfenning, Uwe"]
[Result "1-0"]
[WhiteElo "2119"]
[BlackElo "1818"]
[PlyCount "74"]
[EventDate "2018.09.16"]
[EventType "team-match"]
[EventRounds "1"]
[EventCountry "GER"]
[SourceTitle "EXT 2019"]
[Source "ChessBase"]
[SourceDate "2018.10.10"]
[SourceVersion "1"]
[SourceVersionDate "2018.10.10"]
[SourceQuality "1"]
[WhiteTeam "Baden"]
[BlackTeam "Alsace"]
[WhiteTeamCountry "GER"]
[BlackTeamCountry "FRA"]

1. d4 Nf6 2. Nf3 g6 3. Bf4 Bg7 4. e3 d6 5. Bc4 c6 6. c3 b5 7. Bb3 Bb7 8. Nbd2 0-0 9. h3 a5 10. 0-0 Nbd7 11. a4 Qb6 12. Re1 d5 13. Bh2 b4 14. c4 c5 15. cxd5 Nxd5 16. e4 N5f6 17. Nc4 Qa7 18. d5 Nb6 19. Nfe5 Nxc4 20. Bxc4 Rad8 21. Qb3 Ne8 22. Nxf7 Rxf7 23. d6 Nxd6 24. Bxd6 Rxd6 25. e5 Rd4 26. Bxf7+ Kh8 27. Rad1 Qa8 28. Rxd4 cxd4 29. Qg3 Qd8 30. Bc4 Qc7 31. b3 Bc6 32. Qf4 Qd8 33. Rd1 Qf8 34. Qxf8+ Bxf8 35. Rxd4 Kg7 36. Rd8 Be4 37. f3 Bc2 1-0

[Event "WC-2018-Q-00013"]
[Site "LSS email"]
[Date "2018.09.16"]
[Round "?"]
[White "Ortiz, Manuel"]
[Black "Mueller, Michael"]
[Result "1/2-1/2"]
[WhiteElo "2289"]
[BlackElo "2345"]
[PlyCount "51"]
[EventDate "2018.09.22"]
[EventType "tourn (corr)"]
[EventRounds "12"]
[EventCountry "GER"]
[SourceTitle "Corr 2022"]
[Source "ChessBase"]
[SourceDate "2021.10.24"]
[SourceVersion "1"]
[SourceVersionDate "2021.10.24"]
[SourceQuality "1"]

1. e4 c5 2. Nf3 e6 3. d4 cxd4 4. Nxd4 Nc6 5. Nc3 Qc7 6. Be3 a6 7. Qf3 Nf6 8. 0-0-0 Ne5 9. Qg3 b5 10. a3 Bb7 11. Bxb5 Rc8 12. Be2 Nxe4 13. Nxe4 Bxe4 14. Bf4 Bd6 15. Qxg7 Nd3+ 16. Bxd3 Bxf4+ 17. Kb1 Be5 18. Qg4 Rb8 19. Bxe4 Qc3 20. Bb7 Rxb7 21. b3 f5 22. Qf3 Bxd4 23. Rxd4 Rxb3+ 24. cxb3 Qxd4 25. Rc1 Ke7 26. Rc4 1/2-1/2